000 01161nam a2200289 a 4500
001 43885
003 BD-RjUL
005 20211209053751.0
008 160628s1965 enka 100 0 eng
035 _a(BD-RjUL)44003
040 _dUPvMRC
_dBD-RjUL
_aBD-RjUL
_beng
_cBD-RjUL
041 _aeng
082 _a658.5
_223
_bMOD 1965
090 _aHD38
_b.C76 1964
245 1 0 _aModels for decision /
_cedited by C.M. Berners-Lee
260 _aLondon :
_bEnglish Universities Press,
_cc1965
300 _ax, 149 p. :
_bill. ;
_c23 cm.
500 _a"A conference under the auspices of the United Kingdom Automation Council organised by the British Computer Society and the Operational Research Society." Held Oct. 13-14, 1964 at the Institute of Electrical Engineers, London.
650 0 _aElectronic data processing.
_9134851
650 0 _aPublic administration
_xAutomation.
_9134852
700 1 _aBerners-Lee, C. M.,
_eeditor.
_9134853
710 2 _aBritish Computer Society.
_9134854
710 2 _aOperational Research Society (Great Britain)
_9134855
710 2 _aInstitution of Electrical Engineers.
_9134856
942 _2ddc
_cBK
999 _c43885
_d43885